000 01109cam a2200301 4500
001 3625726
003 ARRUPE
005 20220510091617.0
008 700318s1969 qucb b 001 0 eng
010 _a 74101260
015 _aC70-596
020 _a0773500677
040 _aDLC
_cDLC
_dDLC
050 0 0 _aDT432
_b.R5
082 0 0 _a301.29/676
100 1 _aRichards, Audrey I.
_q(Audrey Isabel),
_d1899-1984.
_938562
245 1 4 _aThe multicultural states of East Africa,
_cby Audrey I. Richards.
260 _aMontreal,
_bPublished for the Centre by McGill-Queen's University Press,
_c1969.
300 _axii, 123 p.
_bmap.
_c23 cm.
350 _a4.50
490 1 _aCentre for Developing-Area Studies, McGill University, Keith Callard lectures, series 3
504 _aBibliography: p. 112-117.
650 0 _aTribes
_zAfrica, East.
_951508
651 0 _aAfrica, East
_xPolitics and government.
_910474
810 2 _aMcGill University.
_bCentre for Developing Area Studies.
_tKeith Callard lectures,
_vseries 3
_951509
906 _a7
_bcbc
_corignew
_du
_encip
_f19
_gy-gencatlg
942 _2lcc
_cMONOGRAPH
999 _c131389
_d131389